| 000 | 00423cam a2200169ua 4500 | ||
|---|---|---|---|
| 020 | _c4.00 | ||
| 041 |
_aeng _h |
||
| 082 |
_a320.58 G _bMAH/GI |
||
| 100 | _aMahadev, Desai . | ||
| 245 |
_aGita according to Gandhi / _cMahadev Desai. _hTextual Documents |
||
| 260 |
_aAhmadabad : _bNavajivan publishing house , _c1956. |
||
| 300 | _a392 ; . | ||
| 365 | _a4.00 | ||
| 504 | _a | ||
| 942 | _cBK | ||
| 999 |
_c1129 _d1129 |
||